| 000 | 00962nam a2200241Ia 4500 | ||
|---|---|---|---|
| 008 | 0000002013 usa 0000000000eng00 | ||
| 020 | _a9780877974486 | ||
| 090 | _aPUS00 A72lc | ||
| 100 | 1 | _aAyers, Robert | |
| 245 | 1 | 0 |
_aL.C. Armstrong _b: Central Park paintings _c/ Robert Ayers ; photography Bill Orcutt |
| 300 |
_a22 p. _c/ 22 cm. |
||
| 500 | _aExposición realizada en Marlborough Gallery de New York entre el 13 de febrero y el 16 de marzo de 2013 \ Incluye datos biográficos y cronología artística \ Texto en inglés | ||
| 600 | 0 | 0 |
_a ARMSTRONG, L.C, 1954/ _xTRABAJOS PICTORICOS |
| 650 | 1 | 4 | _aARTE CONTEMPORANEO ESTADOUNIDENSE |
| 650 | 1 | 4 | _aARTISTAS PLASTICOS ESTADOUNIDENSES |
| 650 | 1 | 4 | _xCATALOGOS |
| 650 | 1 | 4 | _xEXPOSICIONES |
| 650 | 1 | 4 | _aNATURALEZA EN EL ARTE |
| 650 | 1 | 4 | _aPINTORES ESTADOUNIDENSES |
| 650 | 1 | 4 | _aPINTURA ACRILICA (ARTE) |
| 650 | 1 | 4 | _aPINTURA ESTADOUNIDENSE |
| 999 |
_c15926 _d15926 |
||
| 260 |
_aNew York : Marlborough _c2013 |
||